The Philosophers' Song Quiz Stats

 Plays Quiz not verified by Sporcle

Also try: Shape Venn Diagram
Challenge
Share
Tweet
Embed
Score 0/14 Timer 05:00
0 Plays Today
% Correct
Socrates himself was permanently pissed
89.7%
And Socrates himself is particularly missed... a lovely little thinker, but a bugger when he's pissed!
89.7%
Immanuel Kant was a real pissant who was very rarely stable
87.5%
Aristotle, Aristotle was a bugger for the bottle
85.1%
Plato, they say, could stick it away; half a crate of whiskey every day
80.4%
David Hume could out- consume...
77.9%
And Rene Descartes was a drunken fart, 'I drink, therefore I am'
77.6%
% Correct
Heidegger, Heidegger was a boozy beggar who could drink you under the table
74.7%
...Wilhelm Freidrich Hegel
67.6%
There's nothing Nietzsche couldn't teach ya 'bout the raising of the wrist
62.6%
John Stuart Mill, of his own free will, on half a pint of shandy was particularly ill
62.3%
Hobbes was fond of his dram
58.4%
...who was just as sloshed as Schlegel
54.8%
And Wittgenstein was a beery swine...
52.7%

You're not logged in!

Compare scores with friends on all Sporcle quizzes.
Join for Free
OR
Log In

You Might Also Like...

Show Comments

Extras

Top Quizzes Today


Score Distribution

Your Account Isn't Verified!

In order to create a playlist on Sporcle, you need to verify the email address you used during registration. Go to your Sporcle Settings to finish the process.

Report this User

Report this user for behavior that violates our Community Guidelines.

Details: